000 00374 a2200145 4500
005 20250618132748.0
020 _a0-07-287387-6
082 _a658.4 LUT
100 _aLUTHANS, F
245 _aOrganizational Behavior
250 _a10th Ed.
260 _aNew York
_bMcGraw-Hill Irwin
_c2005.
300 _axix,731p.: ill.; figures
_bIndex, References
_c26cm
942 _2ddc
_cBKS
999 _c4306
_d4306